Geography Quiz

Random Geography or State Quiz

Battles on U.S. Soil Quiz Stats

Quiz not verified by Sporcle

Challenge
Share
Tweet
Embed
Score 0/25 Timer 06:00
0 Plays Today
Battle State % Correct
Battle of TrentonNew Jersey
95.1%
Battle of the AlamoTexas
92.5%
Battle of New OrleansLouisiana
91.5%
Siege of CharlestonSouth Carolina
91.1%
Battle of GettysburgPennsylvania
88.5%
Battle(s) of SaratogaNew York
87.8%
Battle of LexingtonMassachusetts
86.3%
Attack on Pearl HarborHawaii
84.5%
Siege of YorktownVirginia
80.5%
Battle of Lake OkeechobeeFlorida
73.3%
Battle of Antietam (Sharpsburg)Maryland
72.9%
Siege of VicksburgMississippi
60.9%
Battle of Little Big HornMontana
60.5%
Battle State % Correct
Battle of Shiloh Tennessee
59.6%
Battle of Guilford CourthouseNorth Carolina
58.6%
Battle of ChickamaugaGeorgia
53.8%
Battle of Slim ButtesSouth Dakota
51.4%
Battle of AttuAlaska
48.8%
Battle of Cooch's BridgeDelaware
41.1%
Battle of TippecanoeIndiana
39.7%
Battle of Fort StephensonOhio
29.9%
Battle of Wilson's Creek (Oak Hills)Missouri
22.7%
Battle of PerryvilleKentucky
21.7%
Battle of Mine CreekKansas
16.9%
Battle of Fort StevensDistrict of Columbia
11.4%

You're not logged in!

Compare scores with friends on all Sporcle quizzes.
Sign Up with Email
OR
Log In

You Might Also Like...

Show Comments

Extras

Top Quizzes Today


Score Distribution

Your Account Isn't Verified!

In order to create a playlist on Sporcle, you need to verify the email address you used during registration. Go to your Sporcle Settings to finish the process.